000 00633nam a2200217Ia 4500
005 20241129104236.0
008 241129s9999||||xx |||||||||||||| ||und||
020 _a9780691181240
037 _aTextual
040 _aRTL
_beng
_cRTL
041 _aeng
_2eng
084 _aX:9914 Q9
_qRTL
100 _aBlanchflower David G.
_9725402
245 0 _aNot working: Where have all the good jobs gone?
_cBlanchflower David G.
260 _aPrinceton
_bPrinceton University Press
_c2019
300 _a440p.
365 _aINR
_b2497.83
650 _aUnemployment
942 _cTB
_hX:9914 Q9
999 _c1225038
_d1225038